000 00648nam a2200181Ia 4500
008 090124s9999 xx 000 0 und d
082 _b101429
100 _aजोगळेकर बा.ज. (बाळाजी जगन्नाथ)
245 _a साबणाचे फुगे
250 _a1
260 _c1937
300 _a138
600 _aजोगळेकर बा.ज. (बाळाजी जगन्नाथ)
630 _a साबणाचे फुगे
700 _aजोगळेकर बा.ज. (बाळाजी जगन्नाथ)
730 _a साबणाचे फुगे
942 _cBOOK
999 _c147521
_d147521